| 000 | 00611nam a22001937a 4500 | ||
|---|---|---|---|
| 003 | OSt | ||
| 005 | 20180116183053.0 | ||
| 008 | 160901b xxu||||| |||| 00| 0 eng d | ||
| 020 | _a8124201692 | ||
| 040 | _c0 | ||
| 082 | _a362.19 PEO 1999 | ||
| 100 | _aEdited by Nick Boulter. Murray Daiziel . Jackie Hill | ||
| 245 |
_aPeople and Competencies _bThe Art of HRD _cEdited by Nick Boulter. Murray Daiziel . Jackie Hill |
||
| 250 | _aVolume 5 | ||
| 260 |
_aIndia _bKogan Page _c1999 |
||
| 300 |
_a157 p. _bpb |
||
| 440 | _aThe Art of HRD :People and Competencies volume 5 | ||
| 942 |
_2ddc _cBK _k362.19 PEO 1999 |
||
| 999 |
_c351721 _d351721 |
||